000 00299nam a2200133Ia 4500
005 20251222142015.0
008 251222s9999||||xx |||||||||||||| ||spa||
082 _a848.85/G29
100 _aGautier, Teofilo
245 0 _aEl Capitán Fracasa
250 _a5a.ed.
264 _bCumbre
942 _cLIB
999 _c10470
_d10470